Largest Country in Africa by Year - Statistics

General Stats
  • This quiz has been taken 148 times
    123 since last reset
  • The average score is 10 of 26
Answer Stats
Dates Country % Correct
2011 AD- 2020 AD Algeria
94%
3000 BC- 727 BC Egypt
90%
1962 AD- 2011 AD Sudan
90%
1905 AD- 1940 AD France
82%
1882 AD-1905 AD United Kingdom
80%
1286 AD- 1434 AD Mali Empire
65%
32 BC- 396 AD Rome
60%
1592 AD- 1882 AD Ottoman Empire
58%
662 AD- 751 AD Umayyad Caliphate
36%
751 AD- 869 AD Abbasid Caliphate
35%
525 BC- 404 BC Persia
35%
331 BC- 300 BC Macedonia
32%
1494 AD- 1592 AD Songhai Empire
30%
c.430 AD- 618 AD Eastern Rome
26%
910 AD- 1049 AD Fatimid Caliphate
23%
666 BC- 654 BC Assyria
20%
1260 AD- 1286 AD Mamluk Sultanate
20%
643 AD- 662 AD Rashidun Caliphate
20%
618 AD- 628 AD Aksum
15%
727 BC- 716 BC Kingdom of Kush
15%
202 BC-106 BC Numidia
14%
1146 AD- 1230 AD Almohad Caliphate
11%
1049 AD- 1146 AD Almoravid Dynasty
10%
1230 AD Ayyubid Dynasty
10%
396 AD- c.430 AD Western Rome
8%
1230 AD- 1260 AD Kanem-Bornu Empire
6%
No matching quizzes found
Score Distribution
Percent of People with Each Score
Percentile by Number Answered
Your Score History
You have not taken this quiz since the last reset